000 00457nam a2200145 i 4500
001 40128
003 ES-MaACL
007 t|
008 030305s1975 sp ||||1| spa d
100 1 _aCárcel Ortí, Vicente.
_935098
245 1 0 _aPolítica eclesial de los gobiernos liberales españoles (1830-1840) /
_cVicente Carcel Ortí.
260 _aPamplona :
_bUniversidad de Navarra,
_c1975.
300 _a530 p. ;
_c22 cm.
852 _aES-MaACL
_jE-8334
_bR.92792
999 _c40128
_d40128